<?xml version="1.0" encoding="UTF-8"?><?xml-stylesheet type="text/xsl" href="static/style.xsl"?><OAI-PMH xmlns="http://www.openarchives.org/OAI/2.0/" xmlns:xsi="http://www.w3.org/2001/XMLSchema-instance" xsi:schemaLocation="http://www.openarchives.org/OAI/2.0/ http://www.openarchives.org/OAI/2.0/OAI-PMH.xsd"><responseDate>2026-04-28T01:50:35Z</responseDate><request verb="GetRecord" identifier="oai:uvadoc.uva.es:10324/64143" metadataPrefix="marc">https://uvadoc.uva.es/oai/request</request><GetRecord><record><header><identifier>oai:uvadoc.uva.es:10324/64143</identifier><datestamp>2025-03-26T19:45:20Z</datestamp><setSpec>com_10324_28098</setSpec><setSpec>com_10324_5186</setSpec><setSpec>com_10324_29291</setSpec><setSpec>col_10324_64115</setSpec></header><metadata><record xmlns="http://www.loc.gov/MARC21/slim" xmlns:doc="http://www.lyncode.com/xoai" xmlns:xsi="http://www.w3.org/2001/XMLSchema-instance" xmlns:dcterms="http://purl.org/dc/terms/" xsi:schemaLocation="http://www.loc.gov/MARC21/slim http://www.loc.gov/standards/marcxml/schema/MARC21slim.xsd">
<leader>00925njm 22002777a 4500</leader>
<datafield tag="042" ind1=" " ind2=" ">
<subfield code="a">dc</subfield>
</datafield>
<datafield tag="720" ind1=" " ind2=" ">
<subfield code="a">García-González, Ariana</subfield>
<subfield code="e">author</subfield>
</datafield>
<datafield tag="260" ind1=" " ind2=" ">
<subfield code="c">2023</subfield>
</datafield>
<datafield tag="520" ind1=" " ind2=" ">
<subfield code="a">La publicación de Esa polilla que delante de mí revolotea en 2008 y recopilaciones posteriores evidencia que los poemas de Olvido García Valdés no se han desprendido por completo de la mano de su autora, sino que están sujetos a un proceso de relectura que puede implicar modificaciones en los mismos, o incluso su desaparición. El objetivo de este artículo consiste en examinar dicho proceso y mostrar algunas de las intervenciones llevadas a cabo en los textos. Esta tarea hace aflorar dos operaciones consustanciales a esta escritura y determinantes para la comprensión de su poética: la depuración y la precisión.</subfield>
</datafield>
<datafield tag="024" ind2=" " ind1="8">
<subfield code="a">Siglo XXI. Literatura y Cultura Españolas; Núm. 21 (2023): Siglo XXI. Literatura y cultura españolas, número 21 pags. 139-159</subfield>
</datafield>
<datafield tag="024" ind2=" " ind1="8">
<subfield code="a">2172-7457</subfield>
</datafield>
<datafield tag="024" ind2=" " ind1="8">
<subfield code="a">https://uvadoc.uva.es/handle/10324/64143</subfield>
</datafield>
<datafield tag="024" ind2=" " ind1="8">
<subfield code="a">10.24197/sxxi.21.2023.139-159</subfield>
</datafield>
<datafield tag="024" ind2=" " ind1="8">
<subfield code="a">139</subfield>
</datafield>
<datafield tag="024" ind2=" " ind1="8">
<subfield code="a">21</subfield>
</datafield>
<datafield tag="024" ind2=" " ind1="8">
<subfield code="a">159</subfield>
</datafield>
<datafield tag="245" ind1="0" ind2="0">
<subfield code="a">De ir y venir: variantes textuales en la obra de Olvido García Valdés</subfield>
</datafield>
</record></metadata></record></GetRecord></OAI-PMH>